| 000 | 01077nam a22002417a 4500 | ||
|---|---|---|---|
| 005 | 20110913152830.0 | ||
| 008 | 110913t xxu||||| |||| 00| 0 mar d | ||
| 010 | _aMAR-21347 | ||
| 020 |
_c300.00 _a9788184982695 |
||
| 035 | _aMR-14005 | ||
| 037 | _bDBAD/PUB | ||
| 040 |
_aDPL _bMR |
||
| 082 | _a823 | ||
| 100 |
_934729 _aबेकर,मार्टिन |
||
| 245 |
_aमेल्टडाऊन / _cमार्टिन बेकर ; सुभाष जोशी द्वारा अनुवादित |
||
| 246 |
_aMeltdown _bby Martin Baker |
||
| 260 |
_aपुणे _bमेहता पब्लिशिंग हाऊस _c2011 |
||
| 270 |
_bपुणे _a1941,सदाशिव पेठ,माडीवाले कॉलनी _e411030 |
||
| 300 |
_a336पृ. _c21सेमी(अजिल्द) |
||
| 700 |
_aजोशी,सुभाष _934791 |
||
| 942 |
_2ddc _cMR _mबेकर _h823 |
||
| 999 |
_c56817 _d56817 |
||